VPLYV AVITAMINÓZY C NA ZAČLEŇOVANIE METIONÍNU S35 DO TKANIVOVÝCH BIELKOVÍN MORČIAT

Bibliographic Details
Main Author: Ginter, Emil, 1931- (Author)
Format: Article
Language:Slovak

MARC

LEADER 00000nab a2200000uu 4500
001 vtls011452055
003 SK-MaSNL
005 20260303123333.0
008 230213|1962 xo |||||||||||||||||slo|
015 |a SNBRB 
035 |a (urnnbn)urn:nbn:sk:snk:ar-007ix5 
035 |a (uuid)a8016575-db16-419c-b902-7a7c2a404093 
035 |a urn:nbn:sk:snk-abcnvi 
040 |a SNKBUCL  |b slo  |c SNKBUCL  |e AACR2 
041 0 |a slo 
044 |a xo  |c SK 
100 1 |a Ginter, Emil,  |d 1931-  |4 aut  |9 110418 
245 1 0 |a VPLYV AVITAMINÓZY C NA ZAČLEŇOVANIE METIONÍNU S35 DO TKANIVOVÝCH BIELKOVÍN MORČIAT  |c Emil Ginter 
773 0 |t Biológia : časopis Slovenskej akadémie vied  |g Roč. 17, č. 10 (1962), s. 771-774 
954 |a odborná, vedecká literatúra pôvodná (slovenská)  |2 lita 
958 |a OND 
958 |a EUIPO 
958 |a article16 
999 |c 1925351  |d 1927281